The Timeline of world history / (Record no. 3881)
[ view plain ]
| 000 -LEADER | |
|---|---|
| fixed length control field | 00641nam a22002057a 4500 |
| 003 - CONTROL NUMBER IDENTIFIER | |
| control field | OSt |
| 005 - DATE AND TIME OF LATEST TRANSACTION | |
| control field | 20140310181809.0 |
| 008 - FIXED-LENGTH DATA ELEMENTS--GENERAL INFORMATION | |
| fixed length control field | 130705t xxu||||| |||| 00| 0 eng d |
| 020 ## - INTERNATIONAL STANDARD BOOK NUMBER | |
| International Standard Book Number | 0883949725 |
| 050 ## - LIBRARY OF CONGRESS CALL NUMBER | |
| Classification number | D 21 |
| Item number | .K82 1993 |
| 082 ## - DEWEY DECIMAL CLASSIFICATION NUMBER | |
| Classification number | REF 909.0202 |
| Item number | K83 1993 |
| 245 ## - TITLE STATEMENT | |
| Title | The Timeline of world history / |
| Statement of responsibility, etc | by Christos Kondeatis and Gill Davies. |
| 260 ## - PUBLICATION, DISTRIBUTION, ETC. (IMPRINT) | |
| Place of publication, distribution, etc | New York : |
| Name of publisher, distributor, etc | Galahad Jr. Books, |
| Date of publication, distribution, etc | 1993. |
| 300 ## - PHYSICAL DESCRIPTION | |
| Extent | 9unpage); |
| Other physical details | ill. col. ; |
| Dimensions | 36 cm. |
| 520 ## - SUMMARY, ETC. | |
| Summary, etc | 1. World history--Timeline chart. 2. World History--Chronologies. |
| 521 ## - TARGET AUDIENCE NOTE | |
| Target audience note | |
| 541 ## - IMMEDIATE SOURCE OF ACQUISITION NOTE | |
| -- | 1 |
| 562 ## - COPY AND VERSION IDENTIFICATION NOTE | |
| Number of copies | 1 |
| 942 ## - ADDED ENTRY ELEMENTS (KOHA) | |
| Source of classification or shelving scheme | Library of Congress Classification |
| Koha item type | |
| Call number prefix | |
| Withdrawn status | Lost status | Source of classification or shelving scheme | Damaged status | Home library | Current library | Shelving location | Date acquired | Total Checkouts | Full call number | Barcode | Date last seen | Copy number | Price effective from | Koha item type |
|---|---|---|---|---|---|---|---|---|---|---|---|---|---|---|
| Library of Congress Classification | Luxembourg Library | Luxembourg Library | Reference Section | 07/05/2013 | D 21 .K82 1993 | 2070 | 10/01/2015 | 1 | 07/05/2013 | Books |